000 00728nam a2200217Ii 4500
003 JO-AjNU
008 230605s9999||||xx |||||||||||||| ||und||
017 _a2004/3/579
040 _aJO-AjNU
_bara
_erda
_cJO-AjNU
041 _aara
050 1 4 _aBP188.15.M87 2004
100 3 _aالناعسة،أسامة نعيم مصطفى,
_eauthor
_99906
245 0 0 _aقصص ومواعظ الصالحين
250 _aط1
264 3 1 _aعمان: دار البيت العتيق، 2004
300 _a80ص
336 _atext
_btxt
_2rdacontent
337 _aunmediated
_bn
_2rdamedia
338 _avolume
_bnc
_2rdacarrier
650 4 _aالوعظ والارشاد- الاخلاق الاسلامية- الاداب الاسلامية
_99907
999 _aA1537
_c5105
_d5105